000 00913nam a2200229 a 4500
001 000031268
003 AM-YEHGA
005 20250618070940.0
008 980327s1979 ai |||||||||||||||||arm|d
040 _aAM-YeHGA
041 0 _aarm
100 1 _aԽանզադյան, Սերո Նիկոլայի,
_d1915-1998
_9935
245 1 0 _aՔարանձավի բնակիչները /
_cՍ. Խանզադյան; Խմբ.՝ Մ. Բերբերյան, Մ. Սարգսյան; Նկ.՝ Պ. Մալայան.
260 _aԵրևան :
_bՍովետական գրող,
_c1979.
300 _a102 էջ :
_bնկ. ;
_c22 սմ.
650 1 4 _aՀայ մանկական գրականություն
_xՎիպակ
700 1 _aԲերբերյան, Մ.
_eխմբ.
_4edt
700 1 _aՍարգսյան, Մ.Ս.
_eխմբ.
_4edt
700 1 _aՄալայան, Պետրոս Հովհաննեսի,
_d1927-1995
_eնկ.
_4art
_92677
942 _2udc
_cBK
090 _c14734
999 _c14624
_d14624